000 00551nam a2200229Ia 4500
003 OSt
005 20220924151954.0
006 a|||||r|||| 00| 0
007 ta
008 220923b |||||||| |||| 00| 0 mar d
020 _c4.00
024 _a340189
037 _cTextual
040 _aARTS
_cARTS
_bmar
041 _2mar
_amar
082 _aO155,1NPA,1, L3
245 0 _aHelola tulsi parba
260 _c1973
650 _aMARATHI LITERATURE
_938000
942 _hO155,1NPA,1, L3
_cTEXL
_2CC
999 _c468258
_d468258